000 nam a22 7a 4500
999 _c10150
_d10150
008 180212b ||||| |||| 00| 0 eng d
100 _aSharma,R.D.
_96163
245 _aMathematics-XII
260 _aNew Delhi
_bDhanpat
_c2012